000 01418nam0a22002771 4500
001 rc\4465047
005 20260406225430.0
021 _aRU
_b[59-68081]
035 _a(NLR Aleph) 008327306
090 _a8794790
_c8794790
100 _a20130416d1959 |||y0rusy50 ca
101 0 _arus
102 _aRU
105 _aa b |||||
200 1 _aКаталог
_f[Вступ. статья Ю. Колпинского]
_gМ-во культуры РСФСР. Акад. художеств СССР. Оргком-т Союза художников РСФСР. Гос. русский музей. Выставка произведений скульптуры действ. чл. Акад. художеств СССР, нар. худож. СССР, лауреата Сталинских премий Е.В. Вучетича
210 _aМосква
_cСов. художник
_d1959
215 _a21 с., 29 л. ил.
_cил.
_d22
225 1 _aК 50-летию со дня рождения и 30-летию творческой деятельности
702 1 _aКолпинский
_bЮ.
_4080
710 1 0 _aВучетич,
_gЕвгений Викторович
_hВыставка произведений скульптуры
_f1959
_eМосква
_3RU\NLR\AUTH\889981339
_9458846
801 0 _aRU
_bNLR
_gpsbo
801 1 _aRU
_bELAR
_2rusmarc
852 _aNLR
_bЭ
_jКП/В899
942 _cBOOK
980 _aNB